| 000 | 00537nam a2200217 454500 | ||
|---|---|---|---|
| 001 | 074965 | ||
| 003 | BD-ChCU | ||
| 008 | Eng | ||
| 020 | _ax | ||
| 040 |
_aDLC _cDLC _dBD-ChCU |
||
| 082 | 0 | 0 | _a182.09/KIP |
| 100 | 1 |
_aKirk, G. S. _bRaven, J. E. |
|
| 245 | 1 | 0 |
_aThe presocratic philosophers; _bA critical history with a selection---- |
| 250 | _ax | ||
| 260 |
_aCambridge _buniv. Press _c1973 |
||
| 300 | _axi,486p | ||
| 504 | _a | ||
| 650 | 0 |
_aPhilosophy Ancient. _bPhilosophy |
|
| 700 | 1 | _ax | |
| 942 |
_2ddc _cBK |
||
| 999 |
_c74965 _d74965 |
||